Light A Candle / (Record no. 592891)
[ view plain ]
| 000 -LEADER | |
|---|---|
| fixed length control field | 00770nam a22001337a 4500 |
| 040 ## - CATALOGING SOURCE | |
| Transcribing agency | NUST |
| 082 ## - DEWEY DECIMAL CLASSIFICATION NUMBER | |
| Classification number | 370.114,RAS |
| 100 ## - MAIN ENTRY--PERSONAL NAME | |
| Personal name | Rashid, Saeed |
| 245 ## - TITLE STATEMENT | |
| Title | Light A Candle / |
| Statement of responsibility, etc. | Saeed Rashid |
| 260 ## - PUBLICATION, DISTRIBUTION, ETC. | |
| Place of publication, distribution, etc. | islamabad |
| Name of publisher, distributor, etc. | Sltana Foundation |
| Date of publication, distribution, etc. | 1997 |
| 300 ## - PHYSICAL DESCRIPTION | |
| Extent | 250 p,; |
| 505 ## - FORMATTED CONTENTS NOTE | |
| Formatted contents note | Part-1: A, is for Allah (Page-25), Part-2: All Praise is for Allah (Page-35), Part-3: O Lord, I Pray to you to you Alone (Page-49), Part-4:In Praise of Allah (Page-91), Part-5: Sura-e-Fateha (English Version) (Page-107), Part-6: School Functions (Page-133), Part-7: Inspiration (Page-155), Part-8: Pakistaniat (Page-165), Part-9: Declamations and Debates (Exercise in Public Speaking) (Page-179), Part-10 Creative Education (Page-191_, Appendices (Page-245). |
| 942 ## - ADDED ENTRY ELEMENTS (KOHA) | |
| Source of classification or shelving scheme | |
| Koha item type | Book |
| Call number prefix | 370.114,RAS |
| Withdrawn status | Lost status | Source of classification or shelving scheme | Damaged status | Not for loan | Permanent Location | Current Location | Shelving location | Date acquired | Total Checkouts | Full call number | Barcode | Date last seen | Price effective from | Koha item type | Public note |
|---|---|---|---|---|---|---|---|---|---|---|---|---|---|---|---|
| Military College of Signals (MCS) | Military College of Signals (MCS) | General Stacks | 01/02/2023 | 370.114,RAS | MCS28371 | 01/02/2023 | 01/02/2023 | Book | Almirah No.54, Shelf No.1 | ||||||
| Military College of Signals (MCS) | Military College of Signals (MCS) | General Stacks | 03/14/2023 | 370.114,RAS | MCS28358 | 03/14/2023 | 03/14/2023 | Book | Almirah No.74, Shelf No.3 |
